Odvetvové finančné výsledky a ich vplyv na finančné riadenie podniku diplomová práca

Guardado en:
Detalles Bibliográficos
Autor principal: Horváth, Tomáš
Autor Corporativo: Fakulta podnikového manažmentu EU. Katedra podnikových financií
Otros Autores: Tóthová, Alena, 1968-
Formato: Libro
Lenguaje:eslovaco
Publicado: Bratislava 2023
Etiquetas: Agregar Etiqueta
Sin Etiquetas, Sea el primero en etiquetar este registro!

MARC

LEADER 00000nbm a2200000 4500
001 0304057
005 20250224113858.2
041 0 |a slo 
044 |a SK 
245 1 0 |a Odvetvové finančné výsledky a ich vplyv na finančné riadenie podniku  |b diplomová práca  |c Tomáš Horváth ; školiteľ: Alena Tóthová 
264 1 |a Bratislava  |c 2023 
300 |a 71 s. 
100 1 |a Horváth, Tomáš 
700 1 |a Tóthová, Alena, 1968- 
710 2 |a Fakulta podnikového manažmentu EU. Katedra podnikových financií